000 00426nam a2200145Ia 4500
008 100204s9999 xx 000 0 und d
082 _b18835
100 _aतेंडुलकर प्रिया
245 _aअसंही
260 _b"डिंंप्ंाल पब्लिकेशन, ठाणे"
_c1996
300 _a158
630 _aअसंही
730 _aअसंही
942 _cBOOK
999 _c463258
_d463255